书目信息 |
| 题名: |
Chambers 20th Century Dictionary
|
|
| 作者: | ||
| 分册: | New Edition | |
| 出版信息: |
|
|
| 页数: | 1583页 | |
| 开本: | 24cm | |
| 丛书名: | ||
| 单 册: | ||
| 中图分类: | G112 | |
| 科图分类: | ||
| 主题词: | 文化事业--世界 | |
| 电子资源: | ||
| ISBN: | ||
| 000 | 00411nam0 2200145 450 | |
| 001 | 202410303243766735 | |
| 005 | 20241112105103.45 | |
| 100 | @a20241030d km y0chiy0120 ea | |
| 101 | 0 | @achi |
| 200 | 1 | @aChambers 20th Century Dictionary@hNew Edition |
| 215 | @a1583页@d24cm | |
| 606 | 0 | @a文化事业@x世界 |
| 690 | @aG112@v4 | |
| 801 | 0 | @aCN@b大连网信软件有限公司图书馆·11@c20241112 |
| 905 | @aZUCC@b1438645@dG112@e144@f1 | |
| Chambers 20th Century Dictionary.New Edition |
| 1583页;24cm |
| ISBN : |
| ● |
| 相关链接 |
|
|
|
|
正题名:Chambers 20th Century Dictionary
索取号:G112/144
 
预约/预借
| 序号 | 登录号 | 条形码 | 馆藏地/架位号 | 状态 | 备注 |
| 1 | 1438645 | 214386458 | 密集书库—外国语学院/ [索取号:G112/144] | 在馆 |